| 000 | 03658cam a22007934i 4500 | ||
|---|---|---|---|
| 003 | PE-LiUPU | ||
| 005 | 20250731170445.0 | ||
| 008 | 150706s2008 pe a r 000 0 spa d | ||
| 035 | _a(Sirsi) a47004 | ||
| 040 |
_aPE-LiUPU _bspa _cPE-LiUPU _erda |
||
| 049 | _aPRUA | ||
| 082 | 0 | 4 |
_a158.1 _bN94 _220 |
| 082 | 0 | 4 |
_a155.2 _bÑ94 _221 |
| 082 | 0 | 4 |
_a170.42 _bÑ94 2009 |
| 100 | 1 |
_aNúñez, Miguel Ángel, _eautor. |
|
| 245 | 1 | 0 |
_aLo lindo de ser feo : _bhacia una autoestima saludable / _cMiguel Ángel Núñez. |
| 264 | 1 |
_aLima : _bFortaleza, _c2008. |
|
| 300 |
_a111 páginas : _bilustraciones ; _c21 centímetros. |
||
| 336 |
_atext _2rdacontent |
||
| 337 |
_aunmediated _2rdamedia |
||
| 338 |
_avolume _2rdacarrier |
||
| 490 | 0 | _aPasaje a la vida | |
| 505 | 0 | _aTodo pasa por ti -- La importancia de la autoestima -- El impacto de la niñez -- Problemas no resueltos -- Lo lindo de ser feo -- La inteligencia -- Ser varón o ser mujer -- La relación con los demás -- ¿Que hago si no me acepto?. | |
| 526 | _aSEG68 | ||
| 526 | _aSEG70 | ||
| 526 | _aSEG69 | ||
| 526 | _aSEG67 | ||
| 526 | _aSEG43 | ||
| 526 | _aP144 | ||
| 526 | _aP143 | ||
| 526 | _aP131 | ||
| 526 | _aP122 | ||
| 526 | _aP120 | ||
| 526 | _aP117 | ||
| 526 | _aP112 | ||
| 526 | _aP110 | ||
| 526 | _aP106 | ||
| 526 | _aP101 | ||
| 526 | _aP80 | ||
| 526 | _aP59 | ||
| 526 | _aP54 | ||
| 526 | _aP35 | ||
| 526 | _aP33 | ||
| 526 | _aP30 | ||
| 650 | 0 | 4 | _aAutoestima. |
| 650 | 0 | 4 |
_aPersonalidad _xAspectos psicológicos. |
| 650 | 0 | 4 | _aValores. |
| 910 |
_blch _clch _d20090429 |
||
| 910 | _cdgt | ||
| 910 |
_btqv _cwelc _d20160829 |
||
| 910 |
_abgr _bksl _cksl _d20190829 |
||
| 942 |
_2ddc _cBOOK |
||
| 949 |
_a155.2 Ñ94L 2008 _wDEWEY _c1 _i59542 _lCCODEBUL1 _mBUL _p10.00 _r0 _sY _tLIBRO _u2015-07-06 _xBIBLIOTECA _zUNKNOWN _o.STAFF. Colección General |
||
| 949 |
_a170.42 Ñ94 2009 _wDEWEY _c1 _iFJ01625 _lCCODEBUJ1 _mBUJ _p15.00 _r0 _sY _tBOOK _u2016-08-29 _xINGENIERIA _PP27 _0COMPRA _o.STAFF. Colección General Juliaca |
||
| 994 |
_aC0 _bPEPRU |
||
| 596 | _a1 2 3 4 | ||
| 999 |
_a155.2 N94 _wDEWEY _c49101 _i59542 _d49101 _e2016-6-30 _lLOST _mBUL _n16 _p3.65 _r1 _sY _tBOOK _u2015-7-6 _xTEOLOGIA _zUNKNOWN _0COMPRA _o.STAFF. Colección General |
||
| 999 |
_a155.2 N94 _wDEWEY _c2 _i80656 _d2019-11-15 _e2019-11-15 _lCRAI-HOUSE _mBUL _n2 _p3.65 _r0 _sY _tBOOK _u2019-8-29 _xUNKNOWN _zUNKNOWN _0DONACION _o.STAFF. Colección General |
||
| 999 |
_a155.2 N94 _wDEWEY _c3 _i80657 _d2019-11-6 _e2019-11-1 _lCRAI-HOUSE _mBUL _n2 _p3.65 _r0 _sY _tBOOK _u2019-8-29 _xUNKNOWN _zUNKNOWN _0DONACION _o.STAFF. Colección General |
||
| 999 |
_a155.2 N94 _wDEWEY _c4 _i80658 _d2019-11-22 _e2019-11-22 _kCHECKEDOUT _lCRAI-HOUSE _mBUL _n3 _p3.65 _rM _sY _tBOOK _u2019-8-29 _xUNKNOWN _zUNKNOWN _0DONACION _o.STAFF. Colección General |
||
| 999 |
_a170.42 N94 _wDEWEY _c1 _iFT01088 _lCATALOGING _mBUT _p14.00 _r0 _sY _tBOOK _u2016-2-11 _xSALUD _PP33 _0COMPRA _o.STAFF. Colección General |
||
| 999 |
_a170.42 Ñ94 2009 _wDEWEY _c1 _iFJ01625 _d2019-11-13 _e2019-10-30 _f2022-1-17 _g4 _lCCODEBUJ1 _mBUJ _n16 _p15.00 _q12 _r0 _sY _tBOOK _u2016-8-29 _xINGENIERIA _PP27 _0COMPRA _o.STAFF. Colección General Juliaca |
||
| 999 |
_a158.1 N94 2009 _wDEWEY _c1 _iCW52343 _f2021-12-22 _g1 _lCCODECWL1 _mBWL _r0 _sY _tBOOK _u2018-5-21 _xWHITE _o.STAFF. Centro White |
||
| 999 |
_a158.1 N94 2009 _wDEWEY _c2 _iCW52342 _f2021-12-22 _g2 _lCCODECWL1 _mBWL _r0 _sY _tBOOK _u2018-5-21 _xWHITE |
||
| 980 |
_81 _gALBERTO SANCHEZ Responsable de Automatización |
||